Fruits du Démon non canon dans One Piece - Statistiques

Statistiques générales
  • Ce quiz a été pris 6 fois
  • Le résultat moyen est 23 sur 60
Statistiques - réponses
Utilisateur Type de Fruit Apparition Fruit du Démon % Correct
Gild Tesoro Paramecia One Piece Film: Gold Fruit de l'Or
100%
Uta Paramecia One Piece Film: Red Fruit du Chant
100%
Alpacacino Zoan Arc l'Ambition de Z Fruit d'Alpacacino
60%
Chiqicheetah Zoan Arc Long Ring Long Land Fruit de Chiqicheetah
60%
Baccarat Paramecia One Piece Film: Gold Fruit de la Baraka
60%
Mad Treasure Paramecia Heart of Gold Fruit de la Chaîne
60%
Don Accino Paramecia Arc Chasseurs de Glace Fruit de la Chaleur
60%
Honey Queen Logia One Piece Film 2 : L'Aventure de l'île de l'horloge Fruit de la Dissolution
60%
Gasparde Logia One Film Film 4: Une Aventure sans issue Fruit du Bonbon
60%
Gairam Paramecia 3D2Y : Surpasser la mort d'Ace ! La promesse de Luffy à ses amis Fruit du Cube
60%
Largo Paramecia Arc Little East Blue Fruit du Filet
60%
Tablette de Dama Paramecia Fischer's x One Piece - 7-tsunagi no Daihihou Fruit du Jeu
60%
Ain Paramecia One Piece Film: Z Fruit du Jeun-Jeun
60%
Simon Logia One Piece - Big Secret Treasure of the Nanatsu Islands Fruit du Papier
60%
Tanaka Paramecia One Piece Film: Gold Fruit du Passe-Muraille
60%
Erik Paramecia Arc Ile du Navire de Guerre Fruit du Slash-Slash
60%
Binz Paramecia One Piece Film: Z Fruit du Touffu-Touffu
60%
Buzz Zoan One Piece 3D : Straw Hat Chase Fruit du Volatile, modèle Aigle
60%
Bruce/Lily Enstomach Paramecia One Piece: Round the Land/Arc l'Ambition de Z Fruit Mini Mini
60%
Chameleone Paramecia One Piece Premier Show 2012 Fruit de la Copie
40%
Psycho P Paramecia Heart of Gold Fruit de la Couleur
40%
Artur Bacca Paramecia One Piece Novel Law Fruit de la Dissolution
40%
Douglas Bullet Paramecia One Piece: Stampede Fruit de la Ferraille
40%
Ann Paramecia One Piece Live Attraction 3/One Piece: Stampede Fruit de la Vision
40%
Eldoraggo Paramecia One Piece: Le Film Fruit de la Vocalise
40%
Musshul Paramecia One Piece Film 9: Épisode de Chopper: Le Miracle des Cerisiers en Hiver Fruit du Chamquipue
40%
Patrick Redfield Zoan Mythique One Piece : Unlimited World Red Fruit du Chiroptère, modèle Vampire
40%
Breed Paramecia Arc Récupération de César Fruit du Dresseur
40%
Lambor Bukini/Bill Paramecia One Piece Premier Show 2013/Arc Mine Argentée Fruit du Fourneau
40%
Apis Paramecia Arc Ile du Navire de Guerre Fruit du Murmure
40%
Byrnndi World Paramecia 3D2Y : Surpasser la mort d'Ace ! La promesse de Luffy à ses amis Fruit du Plus-Plus
40%
Yehudi Paramecia One Piece Premier Show 2022 Fruit du Réglage
40%
Noko Paramecia One Piece : Ocean's Dream/Arc du Voleur de Mémoire Fruit du Sommeil
40%
Bad One Gracie Paramecia One Piece Premier Show 2017 Fruit du Tir
40%
Bear King Paramecia One Piece Film 2 : L'Aventure de l'île de l'horloge Fruit Incassable
40%
Bolster Paramecia One Piece Premier Show 2024 Fruit de la Compression
20%
Bildy Paramecia One Piece Premier Show 2014 Fruit de la Connexion
20%
Neiro Paramecia One Piece Premier Show 2017 Fruit de la Graisse
20%
Prize Paramecia One Piece Premier Show 2018 Fruit de la Livraison
20%
Inchikin Paramecia Lucy & Lucy Coliseum the Battle Fruit de la Magie
20%
Vendler Paramecia One Piece Premier Show 2023 Fruit de la Marionnette
20%
Bonbon Paramecia One Piece Premier Show 2015 Fruit de l'Amour
20%
Adio Suerte Paramecia One Piece Odyssey Fruit de la Poigne
20%
Pokke Paramecia One Piece Premier Show 2016 Fruit de la Reproduction
20%
Balzac Paramecia One Piece Premier Show 2019 Fruit de la Transformation en Bombe
20%
Homming Paramecia One Piece Premier Show 2024 Fruit de l'Autoguidage
20%
Herz Paramecia One Piece Premier Show 2021 Fruit de l'Entrain
20%
Peketan Paramecia Fischer's x One Piece - 7-tsunagi no Daihihou Fruit de Peketan
20%
Wilder Paramecia One Piece Premier Show 2016 Fruit des Vagues de Chaleur
20%
Bounty Paramecia One Piece Premier Show 2018 Fruit du Brûleur
20%
Pato Zoan Mythique One Piece : Unlimited World Red Fruit du Canidé, modèle Raton laveur
20%
Fanto Paramecia One Piece Premier Show 2024 Fruit du Fantôme
20%
Kardia Paramecia One Piece Premier Show 2021 Fruit du Feu Follet
20%
Smash Logia One Piece Premier Show 2014 Fruit du Plasma
20%
Abellon Paramecia Arc Mine Argentée Fruit du Tchou-Tchou
20%
Snitcher Paramecia One Piece Premier Show 2025 Fruit Inverseur
20%
Bürst Paramecia One Piece Premier Show 2015 Fruit Nitro
20%
Graydle Inconnu One Piece Dramatic Stage THE METAL ~Tsuioku no Marineford~ Fruit du Métal
0%
Lip Shark Paramecia Fischer's x One Piece - 7-tsunagi no Daihihou Fruit du Personnage
0%
Toratsugu Zoan Mythique One Piece x Kyoto Fruit du Volatile, modèle Nue
0%
Aucun quiz correspondant
Distribution des résultats
% des personnes avec chaque résultat
Percentile par nombre de réponses
Votre historique - résultats
Vous n’avez pas pris ce quiz